000 00549nam a2200229Ia 4500
003 OSt
005 20221005133258.0
006 a|||||r|||| 00| 0
007 ta
008 221004b |||||||| |||| 00| 0 eng d
024 _a66200
037 _cTextual
040 _aCRL
_cCRL
_beng
041 _2eng
_aeng
082 _aV55:19:N3, G9
100 _aLorimer E O
_9642339
245 0 _aWhat Hitler wants
260 _c1939
650 _aHISTORY
942 _hV55:19:N3, G9
_cTEXL
_2cc
999 _c1066327
_d1066327